000
00257nam a2200109Ia 4500
008
220216s9999 xx 000 0 und d
100
_a
Thomas K U
245
0
_a
Tapping kooduthal aadayakaramaakkan
260
_b
Rubber
_c
2015
300
_a
8-Jun
942
_c
JS
999
_c
70230
_d
70230